000 00873nas a2200265Ia 4500
001 R149/F1202
003 IT-RoPAU
008 151124c99999999xx |||||||||||| ||und||
040 _aIT-RoPAU
040 _cIT-RoPAU
041 _aITALIANO
100 _aBorrelli Davide
_gCodice Aut. SPICS: 42100
210 _aMEDIA PHILOSOPHY
222 _aMedia Philosophy
245 _aMEDIA PHILOSOPHY, ANNO 3-N.2 (1998)
_bCortigiano (Il), L'Attore E Il Publimaker. Note Sulla Societa' Dell'Immagine
250 _a1a ed.
260 _aGENOVA
_bCOSTA & NOLAN
_c1998
501 _bPaulus - SPICS - Società San Paolo EM (non-commercial uses only)
_cCopyright2015
300 _a7 p. [54-60]
362 _aANNO 003, N.02 (1998)
650 _aCOMUNICAZIONE - FILOSOFIA
_vPUBBLICAZIONE PERIODICA
700 _aDe Iulio Simona
700 _gCodice Aut. SPICS: 42101
942 _cCR
999 _c113090
_d113090